000 00523nam a2200193Ia 4500
005 20250508162316.0
008 008 250505s9999 xx 000 0 eng d
037 _aTextual
040 _aFEDL
_beng
_cFEDL
041 _aeng
_2eng
084 _a370, SNO
_qFEDL
100 _aSnook I. A.
_976254
245 0 _aIndoctrination and education
260 _aLondon, UK
_bRoutledge and Kegan Paul
_c1972
300 _aviii,118p.
650 _aEducation
942 _cTEXL
_h370, SNO
999 _c1375747
_d1375747